From cork to Calcutta : (Record no. 142963)

MARC details
000 -LEADER
fixed length control field 00534nam a22001817a 4500
005 - DATE AND TIME OF LATEST TRANSACTION
control field 20170728141237.0
010 ## - LCCN (DPL NO)
LC control number ENG-119454
020 ## - INTERNATIONAL STANDARD BOOK NUMBER
International Standard Book Number 9789384757632
Terms of availability 595.00
035 ## - SYSTEM CONTROL NUMBER
System control number EN-102986
037 ## - SOURCE OF ACQUISITION
Source of stock number/acquisition DBAD/PUB
082 ## - DEWEY DECIMAL CLASSIFICATION NUMBER
Classification number 306.8743092
100 ## - MAIN ENTRY--PERSONAL NAME
Personal name Bose,Milty
245 ## - TITLE STATEMENT
Title From cork to Calcutta :
Remainder of title my mother's story /
Statement of responsibility, etc by Milty Bose
260 ## - PUBLICATION, DISTRIBUTION, ETC. (IMPRINT)
Place of publication, distribution, etc New Delhi
Name of publisher, distributor, etc Zuban
Date of publication, distribution, etc 2017
270 ## - ADDRESS
Address 128 B,Shahpur Jat,Ist Floor
City New Delhi
Postal code 110049
300 ## - PHYSICAL DESCRIPTION
Extent 328p.
Other physical details
Dimensions 22cm(pbk)
942 ## - ADDED ENTRY ELEMENTS (KOHA)
Source of classification or shelving scheme Dewey Decimal Classification
Item type English Books
Classification part 306.8743092
Call number suffix BOS
Holdings
Withdrawn status Lost status Not for loan Collection code Home library Current library Date acquired Source of acquisition Cost, normal purchase price Full call number Barcode Copy number Cost, replacement price Koha item type
      Non-fiction Ashok Vihar Ashok Vihar 28/07/2017 DBAD/PUB 595.00 306.8743092 BOS EN-102986 1 595.00 English Books

© Delhi Public Library
Hit Counter
free hit counter